Method in social science : (Record no. 343122)

000 -LEADER
fixed length control field 01865 a2200397 4500
020 ## - INTERNATIONAL STANDARD BOOK NUMBER
International Standard Book Number 0415076072
020 ## - INTERNATIONAL STANDARD BOOK NUMBER
International Standard Book Number 9780415076074
082 04 - DEWEY DECIMAL CLASSIFICATION NUMBER
Classification number 300.72
090 ## - LOCALLY ASSIGNED LC-TYPE CALL NUMBER (OCLC); LOCAL CALL NUMBER (RLIN)
-- 565
-- 565
100 1# - MAIN ENTRY--PERSONAL NAME
Personal name Sayer, Andrew.
245 10 - TITLE STATEMENT
Title Method in social science :
Remainder of title revised 2nd edition /
Statement of responsibility, etc. Andrew Sayer.
250 ## - EDITION STATEMENT
Edition statement 2nd ed.
260 ## - PUBLICATION, DISTRIBUTION, ETC.
Place of publication, distribution, etc. [S.l.] :
Name of publisher, distributor, etc. Routledge,
Date of publication, distribution, etc. 1992.
300 ## - PHYSICAL DESCRIPTION
Extent 328 p. ;
Dimensions 22 cm.
500 ## - GENERAL NOTE
General note Paperback.
520 ## - SUMMARY, ETC.
Summary, etc. In its first publication, Method in Social Science was widely praised for its penetrating analysis of central questions in social science discourse. This second edition addresses new developments in the related areas of philosophy and method. Andrew Sayer has rewritten and substantially enlarged the introduction, which further clarifies many of the arguments that appear in the text. His brief discussion of the importance of narrative form will be particularly useful to students concerned with the problems of writing, composition, and presentation of their material.
650 #4 - SUBJECT ADDED ENTRY--TOPICAL TERM
Topical term or geographic name entry element Sociology & Anthropology: Professional.
650 #4 - SUBJECT ADDED ENTRY--TOPICAL TERM
Topical term or geographic name entry element Philosophy Of Social Science.
650 #4 - SUBJECT ADDED ENTRY--TOPICAL TERM
Topical term or geographic name entry element Social Sciences Research.
650 #4 - SUBJECT ADDED ENTRY--TOPICAL TERM
Topical term or geographic name entry element Social research & statistics.
650 #4 - SUBJECT ADDED ENTRY--TOPICAL TERM
Topical term or geographic name entry element Social theory.
650 #4 - SUBJECT ADDED ENTRY--TOPICAL TERM
Topical term or geographic name entry element Sociology, Social Studies.
650 #4 - SUBJECT ADDED ENTRY--TOPICAL TERM
Topical term or geographic name entry element Sociology.
650 #4 - SUBJECT ADDED ENTRY--TOPICAL TERM
Topical term or geographic name entry element Social Science.
650 #4 - SUBJECT ADDED ENTRY--TOPICAL TERM
Topical term or geographic name entry element Methodology.
650 #4 - SUBJECT ADDED ENTRY--TOPICAL TERM
Topical term or geographic name entry element Social sciences.
650 #4 - SUBJECT ADDED ENTRY--TOPICAL TERM
Topical term or geographic name entry element Research.
650 #4 - SUBJECT ADDED ENTRY--TOPICAL TERM
Topical term or geographic name entry element Social Science / Research.
650 #4 - SUBJECT ADDED ENTRY--TOPICAL TERM
Topical term or geographic name entry element Social Science / Sociology / General.
650 #4 - SUBJECT ADDED ENTRY--TOPICAL TERM
Topical term or geographic name entry element Social Science : Sociology - General.
650 #4 - SUBJECT ADDED ENTRY--TOPICAL TERM
Topical term or geographic name entry element Sociology - General.
650 #4 - SUBJECT ADDED ENTRY--TOPICAL TERM
Topical term or geographic name entry element Social sciences - Methodology.
856 40 - ELECTRONIC LOCATION AND ACCESS
Materials specified Amazon.com
Uniform Resource Identifier <a href="http://www.amazon.com/exec/obidos/ASIN/0415076072/chopaconline-20">http://www.amazon.com/exec/obidos/ASIN/0415076072/chopaconline-20</a>
856 40 - ELECTRONIC LOCATION AND ACCESS
Materials specified Amazon customer reviews
Uniform Resource Identifier <a href="http://www.chopac.org/cgi-bin/tools/azrev.pl?q=0415076072">http://www.chopac.org/cgi-bin/tools/azrev.pl?q=0415076072</a>
942 ## - ADDED ENTRY ELEMENTS (KOHA)
Institution code [OBSOLETE] NBS
Koha item type Book
Call number prefix 001.42 DEN

No items available.

© 2023 Central Library, National University of Sciences and Technology. All Rights Reserved.